| 000 | 01055nam a2200301 i 4500 | ||
|---|---|---|---|
| 001 | 66531 | ||
| 003 | ES-MaACL | ||
| 005 | 20250822030933.0 | ||
| 007 | t| | ||
| 008 | 030217s2002 sp ||||0| spa d | ||
| 020 | _a84-493-1325-2 | ||
| 040 |
_aM-BN _bspa _cM-BN |
||
| 080 | _a599.8-15 | ||
| 080 | _a159.929 | ||
| 100 | 1 |
_aWaal, F. B. M. de. _9115794 |
|
| 245 | 1 | 3 |
_aEl simio y el aprendiz de sushi _b: reflexiones de un primatólogo sobre la cultura / _cFrans de Waal ; [traducción de Patricia Teixidor]. |
| 260 |
_aBarcelona : _bPaidós Ibérica, _c[2002] |
||
| 300 |
_a335 p., [16] h. de lám. : _bil. ; _c24 cm. |
||
| 490 | 1 |
_aPaidós transiciones ; _v42 |
|
| 504 | _aBibliografía p. [301]-316. Indice. | ||
| 650 | 1 | 4 |
_aPrimates- _xConducta. _916402 |
| 650 | 1 | 7 |
_aPsicología comparada _2embne _916556 |
| 650 | 7 |
_aAntropología cultural y social _2embne _99867 |
|
| 700 | 1 |
_aTeixidor, Patricia. _9109545 |
|
| 830 | 0 |
_aPaidós transiciones ; _v42 _9180263 |
|
| 852 |
_aES-MaACL _jL-27016 _bR.132727 |
||
| 999 |
_c66531 _d66531 |
||